00249nam a2200109Ia 4500008004100000082001600041100001700057245003000074260000900104650000900113700001700122221030s9999 xx 000 0 und d a105.23bMBA aR.S. Russell 0aOperations ManagementbCD c2005 aBook aB. W. Taylor